All Minecraft Armors - Statistics

General Stats
  • This quiz has been taken 16 times
  • The average score is 5 of 6
Answer Stats
Answer % Correct
Iron
100%
Netherite
100%
Diamond
94%
Golden
88%
Leather
88%
Chainmail
75%
No matching quizzes found
Score Distribution
Percent of People with Each Score
Percentile by Number Answered
Your Score History
You have not taken this quiz